[Event "RSA-ch (Women)"]
[Site "Cape Town"]
[Date "2022.05.10"]
[Round "3"]
[White "Selkirk, Rebecca"]
[Black "February, Jesse Nikki"]
[Result "0-1"]
[WhiteElo "1781"]
[BlackElo "1890"]
[PlyCount "75"]
[EventDate "2022.05.08"]
[EventType "tourn"]
[EventRounds "7"]
[EventCountry "RSA"]
[SourceTitle "CBM 208 Extra"]
[Source "ChessBase"]
[SourceDate "2022.07.31"]
[SourceVersion "1"]
[SourceVersionDate "2022.07.31"]
[SourceQuality "1"]

1. e4 e6 2. d4 d5 3. e5 c5 4. c3 Nc6 5. Nf3 Qb6 6. Bd3 f6 7. 0-0 cxd4 8. cxd4 Bd7 9. Nc3 Nge7 10. Re1 0-0-0 11. Na4 Qc7 12. Bf4 Ng6 13. Bg3 f5 14. h4 Bb4 15. Re2 f4 16. Bxg6 fxg3 17. Bd3 gxf2+ 18. Rxf2 Rdf8 19. Rc1 Kb8 20. a3 Be7 21. b4 Qd8 22. Nc5 Bc8 23. Na6+ bxa6 24. Rxc6 Bb7 25. Rc3 Bxh4 26. Rfc2 Bg3 27. Qe2 Qb6 28. Rc5 Rf4 29. b5 a5 30. Qe3 Rhf8 31. Rc7 g5 32. Rxh7 g4 33. Rcc7 Qxc7 34. Rxc7 Kxc7 35. Qc1+ Kb8 36. Ng5 Bf2+ 37. Kh1 Rh8+ 38. Nh7 0-1

[Event "Titled Tuesday intern op 01st Mar Early"]
[Site "Chess.com INT"]
[Date "2022.03.01"]
[Round "1"]
[White "Selkirk, Rebecca"]
[Black "Kushko, Dmitriy"]
[Result "0-1"]
[WhiteElo "1799"]
[BlackElo "2302"]
[PlyCount "36"]
[EventDate "2022.03.01"]
[EventType "swiss (blitz)"]
[EventRounds "11"]
[EventCountry "USA"]
[SourceTitle "CBM 207 Extra"]
[Source "ChessBase"]
[SourceDate "2022.05.31"]
[SourceVersion "1"]
[SourceVersionDate "2022.05.31"]
[SourceQuality "1"]

1. e4 d6 2. d4 Nf6 3. Bd3 g6 4. c4 Bg7 5. Nc3 0-0 6. f4 e5 7. d5 exf4 8. Bxf4 Re8 9. Nf3 Nbd7 10. 0-0 Nc5 11. Bg5 h6 12. Bxf6 Bxf6 13. Re1 Bg4 14. Qd2 Bxf3 15. gxf3 Bg5 16. Qc2 Qf6 17. Rf1 Qd4+ 18. Kg2 Qxd3 0-1

[Event "Titled Tuesday intern op 01st Mar Early"]
[Site "Chess.com INT"]
[Date "2022.03.01"]
[Round "6"]
[White "Selkirk, Rebecca"]
[Black "Martic, Ivan"]
[Result "1-0"]
[WhiteElo "1799"]
[BlackElo "2287"]
[PlyCount "117"]
[EventDate "2022.03.01"]
[EventType "swiss (blitz)"]
[EventRounds "11"]
[EventCountry "USA"]
[SourceTitle "CBM 207 Extra"]
[Source "ChessBase"]
[SourceDate "2022.05.31"]
[SourceVersion "1"]
[SourceVersionDate "2022.05.31"]
[SourceQuality "1"]

1. e4 c5 2. Nf3 Nc6 3. d4 cxd4 4. Nxd4 Nf6 5. Nc3 e6 6. Be3 Bb4 7. Nxc6 bxc6 8. f3 d5 9. Qd2 0-0 10. 0-0-0 Qa5 11. Bd4 Nd7 12. a3 Bxa3 13. Nb1 Qxd2+ 14. Rxd2 Be7 15. g4 Bg5 16. Bd3 e5 17. Bc3 d4 18. Ba5 Nc5 19. h4 Nxd3+ 20. cxd3 Be3 21. Kd1 Bxd2 22. Nxd2 Be6 23. Bb4 Rfd8 24. Ke2 Rab8 25. Ba3 Rb6 26. Rc1 Rdb8 27. Nc4 Bxc4 28. Rxc4 f6 29. Rc5 Kf7 30. g5 Ke6 31. f4 Ra6 32. f5+ Kd7 33. g6 h5 34. Kd2 Rxa3 35. bxa3 Rb2+ 36. Kc1 Rb3 37. Ra5 Rb7 38. Kc2 Kc7 39. Ra6 Kd7 40. Kc1 Kd6 41. Ra5 Rc7 42. Kc2 c5 43. Kb3 Rb7+ 44. Kc4 Rc7 45. Ra6+ Kd7 46. Kd5 c4 47. Rd6+ Kc8 48. dxc4 d3 49. Ke6 Rxc4 50. Rxd3 Rc7 51. a4 Kb7 52. Rd7 a5 53. Rxc7+ Kxc7 54. Kf7 Kc6 55. Kxg7 Kc5 56. Kxf6 Kd4 57. g7 Kxe4 58. g8Q Kf3 59. Qe6 1-0

[Event "Titled Tuesday intern op 01st Mar Early"]
[Site "Chess.com INT"]
[Date "2022.03.01"]
[Round "9"]
[White "Selkirk, Rebecca"]
[Black "Sarkar, Justin"]
[Result "0-1"]
[WhiteElo "1799"]
[BlackElo "2314"]
[PlyCount "38"]
[EventDate "2022.03.01"]
[EventType "swiss (blitz)"]
[EventRounds "11"]
[EventCountry "USA"]
[SourceTitle "CBM 207 Extra"]
[Source "ChessBase"]
[SourceDate "2022.05.31"]
[SourceVersion "1"]
[SourceVersionDate "2022.05.31"]
[SourceQuality "1"]

1. e4 e5 2. Nf3 Nc6 3. Bb5 a6 4. Ba4 Nf6 5. Qe2 b5 6. Bb3 Bc5 7. c3 0-0 8. 0-0 d6 9. d3 Bb6 10. Bg5 h6 11. Be3 Bxe3 12. fxe3 d5 13. exd5 Nxd5 14. e4 Nf4 15. Qe3 Qxd3 16. Qc5 Qxe4 17. Nbd2 Qg6 18. Rf2 Nd3 19. Nxe5 Ncxe5 0-1